Communes du Val-d'Oise (95) de plus de 10000 habitants - Statistiques

Statistiques générales
  • Ce quiz a été pris 93 fois
  • Le résultat moyen est 18 sur 38
Statistiques - réponses
Habitants Communes % Correct
69578 (préfecture) Cergy
92%
31623 Pontoise
89%
107135 Argenteuil
86%
58576 Sarcelles
85%
29189 Ermont
68%
25934 Eaubonne
65%
42388 Garges-lès-Gonesse
64%
26959 Gonesse
62%
38024 Franconville
58%
30952 Goussainville
55%
21677 Montmorency
55%
27065 Taverny
55%
11594 Enghien-les-Bains
53%
25614 Saint-Ouen-l'Aumône
50%
22903 Deuil-la-Barre
48%
26772 Sannois
48%
21297 Saint-Gratien
47%
12302 L'Isle-Adam
45%
17471 Osny
45%
14632 Montmagny
44%
29238 Villiers-le-Bel
42%
34314 Bezons
41%
27086 Cormeilles-en-Parisis
38%
18723 Eragny
38%
31818 Herblay-sur-Seine
38%
14348 Persan
38%
22390 Montigny-lès-Cormeilles
36%
14898 Arnouville
35%
16075 Domont
35%
12226 Louvres
33%
18068 Soisy-sous-Montmorency
33%
16047 Saint-Leu-la-Forêt
32%
15209 Saint-Brice-sous-Forêt
27%
17411 Jouy-le-Moutier
20%
10249 Fosses
18%
10015 Méry-sur-Oise
18%
16079 Vauréal
18%
10230 Pierrelaye
15%
Aucun quiz correspondant
Distribution des résultats
% des personnes avec chaque résultat
Percentile par nombre de réponses
Votre historique - résultats
Vous n’avez pas pris ce quiz